[Event "TCh-RUS"]
[Site "Sochi RUS"]
[Date "2007.05.09"]
[Round "8"]
[White "Georgiev,Ki"]
[Black "Eljanov,P"]
[Result "1/2-1/2"]
[WhiteElo "2660"]
[BlackElo "2686"]
[EventDate "2007.05.02"]

1. e4 c5 2. Nf3 Nc6 3. d4 cxd4 4. Nxd4 Nf6 5. Nc3 e5 6. Ndb5 d6 7. Bg5 a6
8. Na3 b5 9. Nd5 Be7 10. Nxe7 Nxe7 11. Bd3 Bb7 12. Qe2 Ng6 13. c4 h6 14.
Bd2 O-O 15. O-O Rb8 16. Rfd1 bxc4 17. Nxc4 d5 18. exd5 Qxd5 19. f3 e4 20.
fxe4 Nxe4 21. Qxe4 Qxe4 22. Bxe4 Bxe4 23. Bc3 Rfd8 24. Nd6 Ba8 25. Rd4 f6
26. Rad1 Ne5 27. R4d2 Nc6 28. a3 Na7 29. a4 Nc6 30. Ne4 Rxd2 31. Rxd2 Rc8
32. Nc5 Nb8 33. b4 a5 34. bxa5 Rxc5 35. Rd8+ Kf7 36. Rxb8 Rxc3 37. Rxa8 Ra3
38. Ra7+ Kg6 39. a6 Rxa4 40. Kf2 Ra2+ 41. Kf3 Ra3+ 42. Kf2 Ra2+ 43. Kf3
Ra3+ 44. Ke4 1/2-1/2

[Event "TCh-RUS"]
[Site "Sochi RUS"]
[Date "2007.05.09"]
[Round "8"]
[White "Moiseenko,A1"]
[Black "Savchenko,B"]
[Result "1-0"]
[WhiteElo "2630"]
[BlackElo "2583"]
[EventDate "2007.05.02"]

1. d4 Nf6 2. c4 e6 3. Nf3 d5 4. Nc3 Bb4 5. Qa4+ Nc6 6. e3 O-O 7. Bd2 Re8 8.
Rd1 a6 9. a3 Bf8 10. Qc2 h6 11. Bc1 Qe7 12. h3 dxc4 13. Bxc4 b5 14. Ba2 Bb7
15. O-O Rad8 16. e4 e5 17. Nd5 Nxd5 18. Bxd5 Rd6 19. dxe5 Nxe5 20. Bxb7
Nxf3+ 21. gxf3 Rg6+ 22. Kh2 c6 23. Bxa6 Qa7 24. Rg1 Qxa6 25. Rxg6 fxg6 26.
Qb3+ Kh7 27. Qf7 Qc8 28. Rd7 Rd8 29. Rxd8 Qxd8 30. Be3 Qf6 31. Qxf6 gxf6
32. Kg2 Kg7 33. Kf1 Kf7 34. Ke2 Ke6 35. Bc1 c5 36. b3 h5 37. a4 c4 38. axb5
cxb3 39. Kd3 Bc5 40. Kc4 Bxf2 41. Kxb3 f5 42. exf5+ Kxf5 43. Kc4 Ke5 44.
Ba3 h4 45. Bc5 Bg3 46. Be3 Kd6 47. f4 1-0

[Event "TCh-RUS"]
[Site "Sochi RUS"]
[Date "2007.05.10"]
[Round "9"]
[White "Popov,Val"]
[Black "Dyachkov,S"]
[Result "1-0"]
[WhiteElo "2589"]
[BlackElo "2566"]
[EventDate "2007.05.02"]

1. e4 d6 2. d4 Nf6 3. f3 Nbd7 4. c4 c6 5. Be3 e5 6. d5 Be7 7. Qd2 O-O 8.
Ne2 a6 9. Na3 Ne8 10. Nc3 c5 11. Bd3 g6 12. O-O-O Ng7 13. Kb1 f5 14. Ka1
Qe8 15. g4 fxg4 16. fxg4 Nf6 17. h3 Bd8 18. Ncb1 Bd7 19. b4 Bb6 20. bxc5
Bxc5 21. Bxc5 dxc5 22. Qe3 Qe7 23. Nd2 Rab8 24. Rb1 b6 25. Rhf1 Nge8 26.
Rf2 Nd6 27. Rbf1 Rf7 28. Nab1 Rbf8 29. Nc3 Be8 30. a4 a5 31. Qg3 Nd7 32.
Rxf7 Rxf7 33. g5 Rxf1+ 34. Bxf1 h6 35. gxh6 Qf8 36. Qh4 Qf6 37. Qg3 Qf4 38.
Qxf4 exf4 39. Nb5 Nf7 40. Nc7 Kf8 41. Nf3 Nxh6 42. e5 Nf5 43. Ne6+ Kg8 44.
Nxf4 Ne3 45. Be2 g5 46. Ne6 g4 47. hxg4 Nxg4 48. Nc7 Kf8 49. e6 Ndf6 50.
Nh4 Ne3 51. d6 Bxa4 52. Ng6+ Kg7 53. Ne5 Nc2+ 54. Kb2 Nd4 55. Bd1 Bc6 56.
d7 1-0

[Event "TCh-RUS"]
[Site "Sochi RUS"]
[Date "2007.05.10"]
[Round "9"]
[White "Lysyj,I"]
[Black "Shomoev,A"]
[Result "1/2-1/2"]
[WhiteElo "2590"]
[BlackElo "2551"]
[EventDate "2007.05.02"]

1. d4 d5 2. c4 e6 3. Nc3 Be7 4. Nf3 Nf6 5. Bg5 O-O 6. e3 h6 7. Bh4 b6 8.
Be2 Bb7 9. Bxf6 Bxf6 10. cxd5 exd5 11. Qb3 c6 12. O-O Nd7 13. Rfe1 Re8 14.
a4 a5 15. Rad1 Nf8 16. e4 Ne6 17. exd5 cxd5 18. Bb5 Re7 19. Re3 Qd6 20. Bf1
Rae8 21. Nb5 Qb8 22. g3 Nd8 23. Rde1 Re4 24. Nc3 Rxe3 25. Rxe3 Rxe3 26.
fxe3 Qd6 27. Bg2 Ne6 28. Kf2 Nc7 29. Ne1 g5 30. Bf1 Bc8 31. Bd3 h5 32. Qc2
Be6 33. Bf5 Kg7 34. Nf3 Na6 35. Bxe6 Nb4 36. Qe2 Qxe6 37. Ne1 Qh3 38. Kg1
Qe6 39. Ng2 Kg6 40. Qf3 Qf5 41. Qxf5+ Kxf5 42. Ne1 Be7 43. h3 Bd6 44. Kg2
Bb8 45. Kf3 g4+ 46. hxg4+ hxg4+ 47. Kf2 Bd6 48. Kg2 Bb8 49. Kf2 Bd6 50. Kg2
1/2-1/2

[Event "TCh-RUS"]
[Site "Sochi RUS"]
[Date "2007.05.10"]
[Round "9"]
[White "Ovetchkin,R"]
[Black "Kazhgaleyev,M"]
[Result "1/2-1/2"]
[WhiteElo "2554"]
[BlackElo "2603"]
[EventDate "2007.05.02"]

1. e4 e5 2. Nf3 Nc6 3. Bc4 Bc5 4. c3 Nf6 5. d3 d6 6. O-O O-O 7. Bb3 Bb6 8.
Nbd2 Ne7 9. Re1 Ng6 10. d4 Re8 11. h3 h6 12. Bc2 c6 13. Nf1 Nh5 14. Be3 Qf6
15. Ng3 Nxg3 16. fxg3 Be6 17. Rf1 Qe7 18. Qd2 exd4 19. cxd4 c5 20. d5 Bd7
21. Rae1 Qd8 22. a3 c4 23. Bd4 Ne5 24. Kh2 Bxd4 25. Qxd4 b5 26. Nxe5 Rxe5
27. Re3 Qc7 28. Ref3 f6 29. g4 a5 30. Rc3 a4 31. Rg3 Qa7 32. Qd2 Qa5 33.
Qc3 Be8 34. Rf5 Re7 35. Rf4 Bg6 36. Re3 Re5 37. Kg3 Qb6 38. h4 Rae8 39. h5
Bh7 40. Re1 Qc5 41. Kf3 Kh8 42. Rd1 Qc7 43. Rd4 Qc5 44. Rd1 1/2-1/2

[Event "TCh-RUS"]
[Site "Sochi RUS"]
[Date "2007.05.10"]
[Round "9"]
[White "Asrian,K"]
[Black "Khenkin,I"]
[Result "1/2-1/2"]
[WhiteElo "2635"]
[BlackElo "2629"]
[EventDate "2007.05.02"]

1. Nf3 d5 2. d4 Nf6 3. c4 c6 4. cxd5 cxd5 5. Nc3 Nc6 6. Bf4 Bf5 7. e3 e6 8.
Bd3 Bxd3 9. Qxd3 Bd6 10. Bg3 O-O 11. O-O Bxg3 12. hxg3 Qe7 13. Rfc1 Rfc8
14. Nd2 1/2-1/2